000 00889nam a2200241 a 4500
001 33960
003 BD-RjUL
005 20211209052103.0
008 500101r19641962cau b 000 0 eng d
035 _a(BD-RjUL)34052
040 _aDLC
_cWSU
_dOCL
_dSER
_dUKM
_dEQO
_dBD-RjUL
_beng
041 _aeng
082 _a320.955
_223
_bBII 1964
100 1 _aBinder, Leonard.
_9227660
245 1 0 _aIran :
_bpolitical development in a changing society /
_cby Leonard Binder.
260 _aBerkeley :
_bUniversity of California Press,
_c1962 [Printing 1964]
300 _axii, 362 p.
_c24 cm.
500 _a"Published under the auspices of the Near Eastern Center..."--half-title.
504 _aIncludes bibliographical footnotes and index
651 0 _aIran
_xPolitics and government
_y1945
_9227661
710 2 _aGustave E. von Grunebaum Center for Near Eastern Studies.
_976531
942 _2ddc
_cRAR
999 _c33960
_d33960